Les 20 pays d’Asie ayant le plus grand taux de divorces - Statistiques

Statistiques générales
  • Ce quiz a été pris 101 fois
  • Le résultat moyen est 14 sur 20
Statistiques - réponses
Rang % en 2015 Pays % Correct
13 1,779 Japon
100%
3 2,800 Chine
97%
7 2,142 Corée du Sud
97%
16 1,716 Thaïlande
92%
19 1,345 Indonésie
91%
17 1,674 Turquie
84%
9 2,078 Iran
83%
11 1,823 Singapour
82%
15 1,728 Israël
74%
5 2,451 Géorgie
72%
2 2,900 Kazakhstan
70%
6 2,315 Jordanie
68%
20 1,330 Syrie
68%
18 1,441 Kirghizistan
62%
1 5,200 Maldives
55%
12 1,813 Koweït
54%
8 2,133 Chypre
53%
4 2,770 Hong Kong (Chine)
29%
10 1,867 Macao (Chine)
23%
14 1,746 Palestine
21%
Aucun quiz correspondant
Distribution des résultats
% des personnes avec chaque résultat
Percentile par nombre de réponses
Votre historique - résultats
Vous n’avez pas pris ce quiz